000 00700nam a2200229 a 4500
999 _c3567
_d3567
001 3567
003 BD-JhCC
005 20171114210204.0
008 171002s1964 bg |||| ||a| 000 0 ben d
035 _a(BD-JhCC)
040 _aBD-JhCC
_dBD-JhCC
041 _aben
082 _a297.18
_bLAT 1964
100 _aলতীফ, আবদুল
245 _aছোটদের চার খলীফা /
_cআবদুল লতীফ
260 _aঢাকা:
_bইসলামিয়া লাইব্রেরী,
_c১৯৬৪
300 _a72 p.;
_c14 cm
650 _aMuslim legend
700 _aচন্দন, ওবায়দুল গনি
942 _2ddc
_cBK